00601cam a2200169 4500001001100000008004100011035001500052050002100067100002500088245008600113260005600199300001700255500001500272505004200287650006500329650003700394BIIH005135 1982 spa  aBIIH005135 4aJL1231bM33 19821 aMadrid, Miguel de la 0aDe la política exterior : Pronunciamientos de campaña /cMiguel de la Madrid. aMéxico :bPRI, Comité Ejecutivo Nacional,c1982 av. ;c17 cm. a1 ejemplar aLa biblioteca tiene solamente el v.2. 4aCampañas políticasxPartido Revolucionario Institucional 4aCampañas políticasxMéxico